000 01536nam a2200373 c 4500
003 BLK
005 20240914143430.0
008 180410b bul|||||r ||||||| ||bul||
010 _aKNG00173563000
020 _a978-954-26-1410-4
_bиздат.: Хермес - на том(кн. 3)
040 _aBLK
041 _aBUL
_cBUL
072 7 _2bullib
_aН8302
_xФантастика Н
080 _aАмериканска литература (на САЩ)
_b821.111(73)
_x-312.9
_z821.111(73)-312.9
100 1 _aЛу, Мари
_eпърви автор
_9330894
700 _aКостурков, Иван Йорданов
_d1985-
_9383208
139 _aЛу, Мари
_bЛ 85
245 1 0 _aЛегендата
_bРоман : Кн. 1 -
_cМари Лу; прев. от англ. Иван Йорданов Костурков.
_nКн. 3
_pГероят
257 _aUSA
260 Пловдив
_c2014 -
_fХасково : Полиграфюг
300 _c20 см
380 _aX
500 _aКн. 3 от трилогията Легендата.
653 _aфантастика
653 _aромани
659 _aН
760 1 _3- на том(кн. 3)
_aЛу, Мари
_dХермес, 2015
_h336 с.
_nОриг. загл. Champion / Marie Lu.
_tКн. 3 Героят
852 _aЦб 268072
856 4 _qpdf
_u
856 4 _qpdf
_u
942 _cKNG
_n0
_07
944 _aCR
_c30.03.2015
_lМоника Янева
_k30570
944 _aED
_c10.12.2015
_lф /
_kВиолета_Тройчева
999 _c165915
_d165915